[Event "Challenge"]
[Site "http://www.queenalice.com/game.php?id=364354"]
[Date "2008.3.2"]
[Round "-"]
[White "amandolin"]
[Black "skII"]
[Result "0-1"]
[WhiteElo "1369"]
[BlackElo "1500"]

1. g3 d5 2. Bg2 e5 3. d4 e4 4. Be3 Nc6 5. Nc3 g5 6. Nh3 h6 7. O-O Be6 8. Nf4
gxf4 9. Bxf4 Qd7 10. Nb5 Rc8 11. Qd2 a6 12. Nxc7+ Rxc7 13. Bxc7 Qxc7 14. c4 Bb4
15. Qf4 Qxf4 16. gxf4 Nxd4 17. Rae1 Bxe1 18. Rxe1 Nf6 19. Rd1 Nxe2+ 0-1

[Event "AUTO-OPEN-1040"]
[Site "http://www.queenalice.com/game.php?id=364653"]
[Date "2008.3.3"]
[Round "1"]
[White "Mauricio43"]
[Black "skII"]
[Result "1-0"]
[WhiteElo "1671"]
[BlackElo "1564"]

1. d4 d5 2. c4 dxc4 3. e3 Nf6 4. Bxc4 e6 5. Nc3 Bb4 6. Bd2 O-O 7. h3 Nc6 8. Nge2
Re8 9. Qc2 e5 10. d5 Ne7 11. a3 Bxc3 12. Bxc3 Nexd5 13. O-O-O Nxc3 14. Rxd8
Nxe2+ 15. Bxe2 Rxd8 16. f3 c6 17. g4 Be6 18. Bd3 h6 19. h4 Nd5 20. g5 hxg5 21.
hxg5 Rd6 22. Qh2 Kf8 23. Qh8+ Ke7 24. Qxa8 Rd7 25. Qxa7 b6 26. Qb8 Nxe3 27. Bc2
b5 28. Qxe5 Nxc2 29. Qc5+ Rd6 30. Rd1 1-0

[Event "AUTO-OPEN-1040"]
[Site "http://www.queenalice.com/game.php?id=364654"]
[Date "2008.3.3"]
[Round "1"]
[White "skII"]
[Black "Mauricio43"]
[Result "1-0"]
[WhiteElo "1545"]
[BlackElo "1668"]

1. e4 e5 2. Nf3 Nc6 3. d4 exd4 4. Nxd4 d5 5. Nxc6 bxc6 6. b3 d4 7. Bd3 Bb7 8.
O-O Qd6 9. f4 O-O-O 10. Nd2 f6 11. Nc4 Qe7 12. a4 c5 13. Qe1 g5 14. Qa5 Kb8 15.
Na3 Qd6 16. fxg5 fxg5 17. Bxg5 Ne7 18. Rf6 Nc6 19. Rxd6 Rxd6 20. Qxc5 a6 21. Qf5
Bc8 22. Qf1 Rg8 23. Bf4 Rdg6 24. g3 h5 25. Bxa6 Na7 26. Bxc8 Kxc8 27. Qh3+ Kb7
28. Qxh5 c5 29. Qd5+ Rc6 30. Nc4 Rg6 31. Na5+ Ka6 32. Nxc6 Nxc6 33. Qf7 Rd6 34.
Qxf8 Rd8 35. Qxc5 Rc8 36. b4 d3 37. b5+ Ka5 38. Bd2+ 1-0

[Event "AUTO-OPEN-1040"]
[Site "http://www.queenalice.com/game.php?id=364675"]
[Date "2008.3.3"]
[Round "1"]
[White "skII"]
[Black "paulouk"]
[Result "0-1"]
[WhiteElo "1503"]
[BlackElo "1607"]

1. d4 d5 2. c4 e6 3. Nc3 c6 4. e3 Nf6 5. Nf3 h6 6. a3 a6 7. Bd3 dxc4 8. Bxc4 b5
9. Bd3 c5 10. O-O c4 11. Bc2 Bd6 12. e4 Nfd7 13. e5 Bc7 14. Nd2 Bb7 15. Nde4 f5
16. Qh5+ Kf8 17. Nd6 Bxd6 18. exd6 Nf6 19. Qd1 Qxd6 20. h3 Qc6 21. f3 g5 22. a4
b4 23. Ne2 b3 24. Bb1 g4 25. Nf4 Rg8 26. hxg4 fxg4 27. Ng6+ Ke8 28. Bxh6 Nh5 29.
Be4 Qb6 30. Bxb7 Qxb7 31. Ne5 gxf3 32. Qxf3 Qxf3 33. Rxf3 Ra7 34. Raf1 Rc7 0-1

[Event "AUTO-OPEN-1040"]
[Site "http://www.queenalice.com/game.php?id=364676"]
[Date "2008.3.3"]
[Round "1"]
[White "paulouk"]
[Black "skII"]
[Result "1-0"]
[WhiteElo "1619"]
[BlackElo "1487"]

1. d4 d5 2. Nc3 Nf6 3. f3 Bf5 4. Bf4 Nc6 5. Nb5 Rc8 6. g4 Bg6 7. Bg2 a6 8. Nc3
e6 9. a3 Be7 10. Nh3 h6 11. O-O O-O 12. Be3 e5 13. Na4 Qd7 14. b3 e4 15. c3 b5
16. Nb2 exf3 17. exf3 Rfe8 18. Re1 Bd6 19. Kh1 Re7 20. g5 hxg5 21. Bxg5 Rxe1+
22. Qxe1 Re8 23. Qh4 Re2 24. Nd1 Nh5 25. f4 f6 26. Bxd5+ Kh7 27. Bf3 fxg5 28.
Nxg5+ Kg8 29. Bxh5 Bxh5 30. Qxh5 Re1+ 31. Kg2 Bxf4 32. Qh7+ Kf8 33. Qh8+ Ke7 34.
Qxg7+ Kd8 35. Qf6+ 1-0

[Event "AUTO-OPEN-1040"]
[Site "http://www.queenalice.com/game.php?id=364678"]
[Date "2008.3.3"]
[Round "1"]
[White "gipmachado"]
[Black "skII"]
[Result "0-1"]
[WhiteElo "2338"]
[BlackElo "1500"]

1. e4 c5 2. Nc3 e6 3. g3 Nc6 4. Bg2 d6 5. d3 Bd7 6. Be3 g6 7. f4 Bg7 8. Nf3 Nge7
9. O-O O-O 10. Kh1 Rc8 11. d4 cxd4 12. Nxd4 Na5 13. Rb1 Nc4 14. Qd3 e5 0-1

[Event "AUTO-OPEN-1065"]
[Site "http://www.queenalice.com/game.php?id=375507"]
[Date "2008.3.23"]
[Round "1"]
[White "pergaminos"]
[Black "skII"]
[Result "1-0"]
[WhiteElo "1846"]
[BlackElo "1720"]

1. d4 d5 2. Nf3 Nc6 3. Bf4 Nf6 4. e3 Bg4 5. h3 Bh5 6. Bb5 e6 7. g4 Bg6 8. Ne5
Nd7 9. Bxc6 bxc6 10. Nxc6 Qh4 11. Nc3 Bd6 12. Bxd6 cxd6 13. Nb5 Rb8 14. Nxd6+
Kf8 15. Nxb8 Nxb8 16. c3 1-0

[Event "AUTO-OPEN-1065"]
[Site "http://www.queenalice.com/game.php?id=375508"]
[Date "2008.3.23"]
[Round "1"]
[White "skII"]
[Black "pergaminos"]
[Result "0-1"]
[WhiteElo "1693"]
[BlackElo "1863"]

1. d4 d5 2. c4 dxc4 3. e4 b5 4. a4 c6 5. axb5 cxb5 6. Nc3 Bd7 7. Qf3 e6 8. Bf4
Nf6 9. e5 Bc6 10. Qd1 Nd5 11. Nxd5 Qxd5 12. Nf3 Qe4+ 13. Be3 Bb4+ 14. Nd2 O-O
15. f3 Qxe3+ 16. Be2 Rd8 17. Ra2 Rxd4 18. b3 c3 0-1

[Event "AUTO-OPEN-1065"]
[Site "http://www.queenalice.com/game.php?id=375527"]
[Date "2008.3.23"]
[Round "1"]
[White "killtochess"]
[Black "skII"]
[Result "1-0"]
[WhiteElo "1941"]
[BlackElo "1500"]

1. e4 c5 2. Nf3 Nc6 3. Bb5 d6 4. O-O Bd7 5. Re1 g6 6. c3 Bg7 7. Na3 e6 8. d4
cxd4 9. cxd4 Nce7 10. Bd3 e5 11. Nc4 Qc7 12. b3 exd4 13. Ba3 Nc8 14. Rc1 Qb8 15.
e5 dxe5 16. Nfxe5 Bxe5 17. Nxe5 Nge7 18. Nxd7 Kxd7 19. Bb5+ Kd8 20. Qxd4+ 1-0

[Event "AUTO-OPEN-1065"]
[Site "http://www.queenalice.com/game.php?id=375528"]
[Date "2008.3.23"]
[Round "1"]
[White "skII"]
[Black "killtochess"]
[Result "1-0"]
[WhiteElo "1638"]
[BlackElo "1976"]

1. e4 c5 2. Nf3 Nc6 3. d4 cxd4 4. Nxd4 Nf6 5. Nc3 e5 6. Nf5 d5 7. Nxd5 Nxd5 8.
Qxd5 Bxf5 9. Qxd8+ Rxd8 10. exf5 a6 11. Bd3 Bb4+ 12. Kf1 O-O 13. Be3 Nd4 14. c3
Nb3 15. axb3 Rxd3 16. cxb4 Rfd8 17. g3 Rxb3 18. Kg2 Rxb4 19. Rab1 h5 20. Bc5 Rb5
21. b4 b6 22. Be7 Rd7 23. Bg5 e4 24. Be3 Rxf5 25. Bxb6 Rd2 26. Rhd1 Rc2 27. Rd6
Kh7 28. Ra1 Rb2 29. Ra4 h4 30. Bc5 Rh5 31. gxh4 Rxh4 32. Ra3 f5 33. Kg3 Rg4+ 34.
Kh3 Rg5 35. Be3 Rg4 36. Raxa6 Rxb4 37. Ra5 Rg6 38. Rdd5 Rf6 39. Rxf5 Rxf5 40.
Rxf5 Kg6 41. Kg4 Ra4 42. h3 Rc4 43. Kf4 Ra4 44. Re5 Kf6 45. Rxe4 Rxe4+ 46. Kxe4
1-0

[Event "AUTO-OPEN-1065"]
[Site "http://www.queenalice.com/game.php?id=375537"]
[Date "2008.3.23"]
[Round "1"]
[White "ricardosf"]
[Black "skII"]
[Result "0-1"]
[WhiteElo "1366"]
[BlackElo "1620"]

1. e3 e5 2. f4 Nc6 3. Bc4 d5 4. Bxd5 Qxd5 5. fxe5 Nxe5 6. d4 Qxg2 7. c3 Qxh1 8.
dxe5 Qxg1+ 9. Ke2 Bg4+ 10. Kd3 Qxd1+ 11. Bd2 O-O-O+ 12. Ke4 Qf3# 0-1

[Event "AUTO-OPEN-1065"]
[Site "http://www.queenalice.com/game.php?id=375538"]
[Date "2008.3.23"]
[Round "1"]
[White "skII"]
[Black "ricardosf"]
[Result "0-1"]
[WhiteElo "1672"]
[BlackElo "1371"]

1. c4 Nc6 2. d4 g6 3. e4 Bh6 4. f4 f5 5. Nc3 fxe4 6. Nxe4 Nxd4 7. Qxd4 e5 8.
Qxe5+ Qe7 9. Qxh8 Qb4+ 10. Nd2 Qe7+ 11. Be2 d5 12. Qxg8+ Bf8 13. Qxd5 Bg4 0-1

[Event "AUTO-OPEN-1066"]
[Site "http://www.queenalice.com/game.php?id=375938"]
[Date "2008.3.24"]
[Round "1"]
[White "alyne_gracyelle"]
[Black "skII"]
[Result "1-0"]
[WhiteElo "1600"]
[BlackElo "1522"]

1. e4 c5 2. Nf3 Nc6 3. d4 cxd4 4. Nxd4 a6 5. Nc3 b5 6. Nxc6 dxc6 7. Qxd8+ Kxd8
8. Be2 e5 9. O-O Kc7 10. Be3 Bb7 11. Rad1 Bd6 12. a3 1-0

[Event "AUTO-OPEN-1066"]
[Site "http://www.queenalice.com/game.php?id=375939"]
[Date "2008.3.24"]
[Round "1"]
[White "skII"]
[Black "alyne_gracyelle"]
[Result "0-1"]
[WhiteElo "1544"]
[BlackElo "1586"]

1. d4 d5 2. c4 e5 3. dxe5 d4 4. Nf3 Nc6 5. e3 Bb4+ 6. Bd2 dxe3 7. fxe3 Bg4 8. a3
Bxd2+ 9. Nbxd2 Nxe5 10. Qa4+ Nc6 11. O-O-O Bd7 12. Ne4 Ne5 0-1

[Event "AUTO-OPEN-1066"]
[Site "http://www.queenalice.com/game.php?id=375968"]
[Date "2008.3.24"]
[Round "1"]
[White "skII"]
[Black "thw"]
[Result "1/2-1/2"]
[WhiteElo "1500"]
[BlackElo "1946"]

1. d4 e6 2. e4 d5 3. e5 c5 4. Nf3 Nc6 5. Bb5 Bd7 6. O-O Qb6 7. Bxc6 Bxc6 8. Nc3
cxd4 9. Nxd4 Bc5 10. Be3 Ne7 11. a3 Bxd4 12. Bxd4 Qc7 13. Re1 O-O 14. b4 Rac8
15. Re3 Nf5 16. Rf3 b6 17. a4 Bd7 18. a5 Nxd4 19. Qxd4 bxa5 20. Rxa5 Ra8 21. Rc5
Qb7 22. h3 Rac8 23. Rg3 Rxc5 24. Qxc5 Rc8 25. Qe7 Bc6 26. Qxb7 Bxb7 27. Nb5 Rxc2
28. Nxa7 Rb2 29. Rg4 Ba6 30. Nc6 Bb5 31. Na5 1/2-1/2

[Event "AUTO-OPEN-1066"]
[Site "http://www.queenalice.com/game.php?id=375969"]
[Date "2008.3.24"]
[Round "1"]
[White "thw"]
[Black "skII"]
[Result "0-1"]
[WhiteElo "1946"]
[BlackElo "1500"]

1. e4 c5 2. Nf3 Nc6 3. d4 cxd4 4. Nxd4 g6 5. Nxc6 bxc6 6. Nc3 Bg7 7. Bd3 e6 8.
Bd2 Ne7 9. Qe2 O-O 10. O-O-O d5 11. exd5 cxd5 12. h4 e5 13. f3 Nf5 14. Bxf5 Bxf5
15. g4 Be6 16. h5 Qc7 17. hxg6 fxg6 18. Bh6 Bxh6+ 19. Rxh6 Rad8 20. Rdh1 Rf7 21.
Qd3 Rdd7 22. Qd2 e4 23. fxe4 dxe4 24. Qe3 Bxg4 25. R6h4 Qf4 26. Qxf4 Rxf4 27.
Rg1 h5 28. Rh2 e3 29. Re1 Rfd4 30. Rhh1 Re7 31. Rhg1 h4 32. Nb5 Rf4 33. Nc3 Re5
34. Ne2 Bxe2 35. Rxe2 Rf2 36. Rxg6+ Kh7 0-1

[Event "AUTO-OPEN-1066"]
[Site "http://www.queenalice.com/game.php?id=375970"]
[Date "2008.3.24"]
[Round "1"]
[White "skII"]
[Black "BoltonBoy"]
[Result "0-1"]
[WhiteElo "1586"]
[BlackElo "1675"]

1. d4 Nf6 2. c4 g6 3. Nc3 Bg7 4. e4 d6 5. Nf3 Bg4 6. Be2 Nbd7 7. O-O c5 8. d5
O-O 9. Bf4 a6 10. e5 dxe5 11. Nxe5 Nxe5 12. Bxe5 Bxe2 13. Qxe2 Nd7 14. Bxg7 Kxg7
15. Rfe1 Re8 16. Ne4 b5 17. cxb5 axb5 18. Qxb5 Qc7 19. Rec1 Reb8 0-1

[Event "AUTO-OPEN-1066"]
[Site "http://www.queenalice.com/game.php?id=375971"]
[Date "2008.3.24"]
[Round "1"]
[White "BoltonBoy"]
[Black "skII"]
[Result "1-0"]
[WhiteElo "1661"]
[BlackElo "1613"]

1. e4 c5 2. Nf3 Nc6 3. d4 cxd4 4. Nxd4 g6 5. Be3 Bg7 6. Nc3 a6 7. Be2 b5 8. a3
Bb7 9. Qd2 d6 10. O-O-O Rc8 11. f4 Nf6 12. Bf3 O-O 13. g4 e5 14. Nxc6 Bxc6 15.
f5 a5 16. h4 b4 17. Nb1 1-0